Úspechy slovenských výskumníkov

Bibliographic Details
Main Author: Husár, Jozef (Author)
Format: Article
Language:Slovak
Subjects:

MARC

LEADER 00000nab a2200000 a 4500
001 vtls000571778
003 SK-MaSNL
005 20260426071946.0
008 150501c1996 xo 0 slo
015 |a SNBRB19rr/mm-uuuuu 
035 |a CL0571916 
040 |a SNKBUCL  |b slo  |c SNKBUCL  |e AACR2 
041 0 |a slo 
044 |a xo  |c SK 
080 |a 001.89:341.176(4)  |2 1981 
080 |a 341.176(4)  |2 1981 
100 1 |a Husár, Jozef  |4 aut  |9 289869 
245 1 0 |a Úspechy slovenských výskumníkov  |c Jozef Husár 
610 7 |a Európska únia  |2 snkbucl  |9 29861 
650 0 7 |a veda  |2 snkbucl  |9 1599 
650 0 7 |a výskum  |2 snkbucl  |9 4238 
651 7 |a Slovensko  |2 snkbucl  |9 14231 
655 7 |a články z novín a časopisov  |2 snkbucl  |9 267496 
773 0 |t Slovenská republika  |g Roč. 3, č. 7 (10. 1. 1996), s. 9 
850 |a Slovenská národná knižnica v Martine  |a MTA001 
852 |a SNK  |b KIS3GCP 
958 |a RK 
958 |a SK 
992 |a RBX 
999 |c 2683752  |d 2685682